000 01198nam a22003377a 4500
003 CHAP
005 20220329135219.0
008 971013s r 00010 d
010 _a32717
011 _a33689
035 _a37805
040 _cCHAP
082 _a633.18
_bC82
110 _aCuba. Grupo Nacional del Arroz
_929971
245 _aNormas técnicas, 19 --
260 _a(s.l.) :
_b(s.e),
_c(s.a.)
300 _av.
500 _aLa biblioteca tiene: 1972-1973, 1973-1974, 1976-77
590 _aBATCH-UPD
_b10
_c20130110
_lUCH01
_h0004
590 _aBATCH-UPD
_b10
_c20130110
_lUCH01
_h1126
590 _aCONVERSION
_b10
_c20130109
_lUCH01
_h1318
650 1 4 _aArroz.
_97554
650 1 4 _aArroz
_xCuba.
_97591
901 _aBK
942 _cLIBRO
949 _a633.18 C82
_bBC
_cLIBRO
_d33724000209540
_eLIBRO
_f1976-77
_h41770
_i37805
_si
949 _a633.18 C82
_bBC
_cLIBRO
_d33724000605747
_eLIBRO
_f1972-73
_h38173
_i37805
_si
949 _a633.18 C82
_bBC
_cLIBRO
_d33724000656567
_eLIBRO
_f1972-73 c.2
_h38174
_i37805
_si
949 _a633.18 C82
_bBC
_cLIBRO
_d33724000656575
_eLIBRO
_f1973-74 c.2
_h38176
_i37805
_si
949 _a633.18 C82
_bBC
_cLIBRO
_d33724000656674
_eLIBRO
_f1973-74
_h38175
_i37805
_si
999 _c32717
_d32717